000 00633nam a2200229Ia 4500
003 OSt
005 20221006164225.0
006 a|||||r|||| 00| 0
007 ta
008 221006b |||||||| |||| 00| 0 hin d
024 _a4,262
037 _cTextual
040 _aFML
_cFML
_bhin
041 _2hin
_ahin
082 _aY7:21.1, K3.1 -;1
100 _aGoel Shri Ram Au.
_9676881
245 0 _aVishva Ki Pracheen Sabhyatayen
260 _aGorakhpur
_bGorakhpur Vishwavidyalaya India
_c1963
300 _a604
_ccm.
942 _hY7:21.1, K3.1 -;1
_cTEXL
_2CC
999 _c1116565
_d1116565